Biblioteka Instytutu Północnego w Olsztynie

Widok standardowy Widok MARC

Pozycja Corporate Name

Liczba rekordów, w których użyto hasła: 1

001 - Numer kontrolny

  • control field: 40665

003 - Identyfikator numeru kontrolnego

  • control field: NUKAT

005 - Data i czas ostatniej modyfikacji

  • control field: 20260427131133.0

008 - Dane kontrolne kodowane (40 znaków)

  • fixed length control field: 050120n||azznnbabn |a ana |

010 ## - Numer kontrolny Biblioteki Kongresu

  • numer kontrolny LC: p 2004309895

024 7# - OTHER STANDARD IDENTIFIER

  • Standard number or code: 158578513
  • Source of number or code: viaf

035 ## - Numer systemowy

  • numer systemowy: a10101755

035 ## - Numer systemowy

  • numer systemowy: (PL)a0000001010175

040 ## - Instytucja sporządzająca rekord

  • inst. przygot. dane do rek. khw: WA N
  • język haseł przedmiotowych/tezaurus: DBN
  • inst. wprow. rek. khw: WA N

043 ## - Kod obszaru geograficznego

  • ISO code: AT

110 2# - Hasło - nazwa ciała zbiorowego

  • nazwa ciała zbior. lub geogr. na pocz.: Mauthausen (niemiecki obóz koncentracyjny)

370 ## - Associated place

  • Residence/HQ: Mauthausen (Austria)

370 ## - Associated place

  • Country: Austria

410 2# - Trop zob. - nazwa ciała zbiorowego

  • nazwa ciała zbior. lub geogr. na pocz.: Obóz hitlerowski Mauthausen

410 2# - Trop zob. - nazwa ciała zbiorowego

  • nazwa ciała zbior. lub geogr. na pocz.: Aussenkommando Ebensee

410 2# - Trop zob. - nazwa ciała zbiorowego

  • nazwa ciała zbior. lub geogr. na pocz.: KL Gusen

410 2# - Trop zob. - nazwa ciała zbiorowego

  • nazwa ciała zbior. lub geogr. na pocz.: KL Mauthausen

410 2# - Trop zob. - nazwa ciała zbiorowego

  • nazwa ciała zbior. lub geogr. na pocz.: Mauthausen-Gusen

410 2# - Trop zob. - nazwa ciała zbiorowego

  • nazwa ciała zbior. lub geogr. na pocz.: Konzentrationslager Ebensee

410 2# - Trop zob. - nazwa ciała zbiorowego

  • nazwa ciała zbior. lub geogr. na pocz.: Konzentrationslager Gusen

410 2# - Trop zob. - nazwa ciała zbiorowego

  • nazwa ciała zbior. lub geogr. na pocz.: Konzentrationslager Mauthausen

410 2# - Trop zob. - nazwa ciała zbiorowego

  • nazwa ciała zbior. lub geogr. na pocz.: Obóz hitlerowski Ebensee

410 2# - Trop zob. - nazwa ciała zbiorowego

  • nazwa ciała zbior. lub geogr. na pocz.: Obóz hitlerowski Gusen

410 2# - Trop zob. - nazwa ciała zbiorowego

  • nazwa ciała zbior. lub geogr. na pocz.: SS-Arbeitslager Ebensee

410 2# - Trop zob. - nazwa ciała zbiorowego

  • nazwa ciała zbior. lub geogr. na pocz.: KZ-Außenlager Linz III

410 0# - Trop zob. - nazwa ciała zbiorowego

  • nazwa ciała zbior. lub geogr. na pocz.: Linz III, KZ-Außenlager

410 2# - Trop zob. - nazwa ciała zbiorowego

  • nazwa ciała zbior. lub geogr. na pocz.: Mauthausen Concentration Camp

510 2# - Trop zob. też - nazwa ciała zbiorowego

  • podpole kontrolne: h
  • nazwa ciała zbior. lub geogr. na pocz.: Lenzing (niemiecki obóz koncentracyjny)

550 ## - Trop zob. też - nazwa pospolita

  • podpole kontrolne: g
  • nazwa posp. lub nazwa geogr. na pocz.: Niemieckie nazistowskie obozy koncentracyjne

550 ## - Trop zob. też - nazwa pospolita

  • nazwa posp. lub nazwa geogr. na pocz.: Sztolnia Bergkristall (St. Georgen/Gusen)

670 ## - Źródło informacji

  • źródło informacji: Künstlerstube / Jan Białostocki. W: Rocznik Muzeum Narodowego w Warszawie, N. s. nr 8 (2019).

670 ## - Źródło informacji

  • źródło informacji: KZ-Außenlager Linz III | Mauthausen Guides - Mauthausen Komitee Österreich.
  • adres internetowy: https://www.mauthausen-guides.at/aussenlager/kz-aussenlager-linz-iii

670 ## - Źródło informacji

  • źródło informacji: Memorial Book for the Dead of the Mauthausen Concentration Camp : Commentaries and biographies / publisher: Association for Remembrance and Historical Research in Austrian Concentration Camp Memorial. - Vienna, © 2016.
Biblioteka Instytutu Północnego, ul. Partyzantów 87, 10-402 Olsztyn, email: biblioteka(at)ip.olsztyn.pl